000 00591nam a2200229Ia 4500
001 150556
003 244240
005 20250218092810.0
008 160329n ||||||||| 000 0 spa d
082 _a303.34
100 _aDíaz-Carrera, César
_9185474
245 0 _aEl coraje de liderar
_bla democracia amenazada en el siglo XXI
504 _aIncluye bibliografía
562 _e17
650 0 _aCiencias políticas
_9939
650 0 _aDemocracia
_91445
650 _aLIDERAZGO
_9185476
942 _cBKM
999 _c150556
_d150556
526 _a105630
526 _a1698